The Room - I did not hit her - transcript - Statistics

General Stats
  • This quiz has been taken 8 times
  • The average score is 75 of 327
Answer Stats
Speaker Answer % Correct
did
100%
did
100%
did
100%
her,
100%
her.
100%
hi,
100%
hit
100%
hit
100%
Johnny I
100%
I
100%
I
100%
Mark!
100%
not
100%
not
100%
not.
100%
Oh
100%
hey,
75%
Johnny I
75%
Johnny.
75%
Mark Oh
75%
up?
75%
What's
75%
bulls**t!
50%
it's
50%
It's
50%
not
50%
true!
50%
a
25%
a
25%
a
25%
a
25%
a
25%
a
25%
a
25%
about
25%
again.
25%
Johnny A-ha-ha-ha!
25%
already.
25%
an
25%
and
25%
anymore.
25%
as
25%
ask!
25%
bad
25%
beat
25%
best
25%
Betty?
25%
Mark Betty?
25%
bothering
25%
can
25%
can
25%
can't
25%
cheat
25%
definitely
25%
did
25%
do?
25%
Johnny Do
25%
do
25%
Don't
25%
don't
25%
don't
25%
dozen
25%
dude!
25%
dunno.
25%
dunno.
25%
each
25%
ended
25%
even
25%
evil.
25%
expert,
25%
expert,
25%
for
25%
Mark Forget
25%
Forget
25%
found
25%
friend,
25%
get
25%
girl,
25%
girl,
25%
girls
25%
got
25%
great
25%
guys
25%
guys.
25%
had
25%
happened?
25%
have
25%
have
25%
have
25%
have
25%
have
25%
her.
25%
her
25%
her
25%
here
25%
hit
25%
hospital
25%
I
25%
I
25%
Mark I
25%
I
25%
I
25%
I
25%
I
25%
I
25%
I
25%
I
25%
I'll
25%
I'm
25%
I'm
25%
I'm
25%
Johnny I'm
25%
in
25%
is
25%
it,
25%
it.
25%
Johnny It
25%
it!
25%
it,
25%
it's
25%
Johnny.
25%
just
25%
just,
25%
just
25%
just
25%
just
25%
know?
25%
know
25%
know
25%
later.
25%
like
25%
like
25%
like
25%
Lisa.
25%
Lisa
25%
Lisa
25%
love
25%
makes
25%
man,
25%
man.
25%
Mark!
25%
Mark.
25%
Mark!
25%
Mark?
25%
maybe
25%
Maybe
25%
me
25%
my
25%
name?
25%
Johnny No,
25%
Mark No,
25%
not
25%
not
25%
Mark Nothing,
25%
of
25%
Mark Oh
25%
on
25%
One
25%
one
25%
other
25%
other
25%
out
25%
problem
25%
question
25%
right.
25%
say
25%
say
25%
says
25%
secrets?
25%
see
25%
seems
25%
She
25%
she
25%
she
25%
she
25%
should
25%
sitting
25%
so
25%
some
25%
Sometimes
25%
story,
25%
street.
25%
talk
25%
that
25%
that?
25%
that
25%
That's
25%
the
25%
them
25%
they're
25%
they're
25%
think
25%
thinking,
25%
thinking.
25%
times
25%
to
25%
to
25%
to
25%
to
25%
true!
25%
up
25%
up
25%
up
25%
used
25%
we
25%
Well,
25%
Johnny Well
25%
Johnny Well,
25%
Johnny Well,
25%
Johnny What
25%
What
25%
what
25%
whatever.
25%
Johnny What's
25%
when
25%
with
25%
women
25%
Mark Yeah,
25%
Mark Yeah.
25%
Johnny Yeah.
25%
yet.
25%
you?
25%
you
25%
you.
25%
Mark You
25%
you
25%
you
25%
you
25%
you
25%
you,
25%
you,
25%
you
25%
you
25%
you're
25%
you're
25%
about
0%
any
0%
are
0%
are
0%
arguments.
0%
bad.
0%
beautiful,
0%
because
0%
bed.
0%
but
0%
days.
0%
don't
0%
don't
0%
figure
0%
flat-out
0%
forget
0%
good
0%
Guerrero
0%
had
0%
happy
0%
have
0%
Johnny I
0%
I
0%
in
0%
is
0%
Johnny Is
0%
it,
0%
just
0%
just
0%
know.
0%
know,
0%
Lisa
0%
loyal
0%
lucky.
0%
man,
0%
man.
0%
many
0%
maybe
0%
me.
0%
me?
0%
me!
0%
much.
0%
My
0%
never
0%
new
0%
Mark No,
0%
out.
0%
People
0%
Remember
0%
secret,
0%
She
0%
smart,
0%
so
0%
so
0%
some
0%
sometimes
0%
strange
0%
stupid,
0%
tell
0%
tell
0%
that
0%
Johnny That's
0%
there
0%
these
0%
they're
0%
to
0%
to
0%
too
0%
too
0%
too
0%
very
0%
very
0%
was
0%
wasn't
0%
we
0%
Mark Well
0%
Mark What?
0%
What's
0%
Why
0%
with
0%
worry
0%
Johnny Yeah.
0%
Mark Yeah
0%
Mark Yeah,
0%
Yeah,
0%
Yeah,
0%
Mark Yeah,
0%
you?
0%
you
0%
you
0%
You
0%
you
0%
No matching quizzes found
Score Distribution
Percent of People with Each Score
Percentile by Number Answered
Your Score History
You have not taken this quiz